[Event "Terres Catalanes 15th"]
[Site "Ampuriabrava"]
[Date "1997.09.20"]
[Round "4"]
[White "Sion Castro, Marcelino"]
[Black "Spraggett, Kevin"]
[Result "1-0"]
[WhiteElo "2435"]
[BlackElo "2575"]
[PlyCount "85"]
[EventDate "1997.09.17"]
[Source "ChessBase"]
[SourceDate "1998.01.31"]

1. e4 c6 2. d4 d5 3. Nd2 dxe4 4. Nxe4 Nf6 5. Nxf6+ gxf6 6. c3 Bf5 7. Nf3 Qc7 8. g3 Nd7 9. Bg2 e5 10. O-O O-O-O 11. Re1 Bd6 12. Nh4 Be6 13. Qh5 exd4 14. cxd4 Nb6 15. Bh6 Bb4 16. Re4 Nd5 17. a3 Ba5 18. Nf5 Qd7 19. Ng7 f5 20. Re2 Rhg8 21. Qh4 Kb8 22. Bf3 Ka8 23. Bh5 Rc8 24. Nxe6 fxe6 25. Rd1 Bd8 26. Qh3 Bg5 27. Bxg5 Rxg5 28. Qh4 Rcg8 29. Rde1 Nc7 30. Bf3 R5g6 31. Re5 Nb5 32. Rd1 a6 33. Qf4 Rd8 34. Kg2 Nxd4 35. Qe3 Qd6 36. b4 Rgg8 37. Kh1 Rge8 38. Bh5 Re7 39. Rd3 Red7 40. Rc3 Nb5 41. Rxe6 Qd5+ 42. Bf3 Qa2 43. Rcxc6 1-0

[Event "Masters"]
[Site "Trieste ITA"]
[Date "2007.09.05"]
[Round "6"]
[White "Pavasovic, D."]
[Black "Efimov, Ig"]
[Result "1-0"]
[WhiteElo "2584"]
[BlackElo "2426"]
[PlyCount "73"]
[EventDate "2007.09.01"]
[Source "www.chesslib.no"]
[SourceDate "2004.05.04"]

1. e4 c6 2. d4 d5 3. Nc3 dxe4 4. Nxe4 Nf6 5. Nxf6+ gxf6 6. c3 Qd5 7. c4 Qd6 8. Ne2 Bf5 9. Qb3 Qc7 10. Be3 Nd7 11. Ng3 Bg6 12. h4 h5 13. O-O-O e6 14. Bd3 f5 15. Ne2 O-O-O 16. Kb1 c5 17. Bc2 Rg8 18. g3 a6 19. Nf4 Bd6 20. dxc5 Nxc5 21. Qc3 Qc6 22. Nxg6 fxg6 23. Bg5 Ne4 24. Bxe4 Qxe4+ 25. Ka1 Be5 26. Qb3 Rxd1+ 27. Rxd1 Qc6 28. Qe3 Bc7 29. Qa7 Bb8 30. Qa8 Qb6 31. Be3 Rd8 32. Rc1 Qc7 33. c5 Kd7 34. c6+ bxc6 35. Qxa6 Rc8 36. Rd1+ Ke7 37. Bb6 1-0

[Event "Bochum"]
[Site "Bochum"]
[Date "1981.??.??"]
[Round "?"]
[White "Torre, Eugenio"]
[Black "Chandler, Murray G"]
[Result "1/2-1/2"]
[WhiteElo "2550"]
[BlackElo "2455"]
[PlyCount "44"]
[EventDate "1981.03.??"]
[Source "ChessBase"]

1. e4 c6 2. d4 d5 3. Nd2 dxe4 4. Nxe4 Nf6 5. Nxf6+ gxf6 6. Qd3 Na6 7. Bd2 Qb6 8. O-O-O Bg4 9. Be2 Bxe2 10. Nxe2 e6 11. Qf3 Be7 12. c4 Nc7 13. Kb1 O-O-O 14. Qh5 c5 15. Be3 cxd4 16. Nxd4 Bc5 17. Nc2 Bxe3 18. Nxe3 Rdf8 19. Rd2 Na6 20. Rhd1 Nc5 21. Qh4 f5 22. Qe7 Ne4 1/2-1/2

[Event "Ceuta"]
[Site "Ceuta"]
[Date "1992.??.??"]
[Round "1"]
[White "Izeta Txabarri, Felix"]
[Black "Campora, Daniel H"]
[Result "1-0"]
[WhiteElo "2445"]
[BlackElo "2550"]
[PlyCount "125"]
[EventDate "1992.08.??"]
[Source "www.chesslib.no"]
[SourceDate "2004.05.04"]

1. e4 c6 2. d4 d5 3. Nd2 dxe4 4. Nxe4 Nf6 5. Nxf6+ gxf6 6. g3 Qd5 7. Nf3 Bg4 8. Bg2 Qe6+ 9. Be3 Bh6 10. Qe2 Bxe3 11. Qxe3 Nd7 12. O-O Qxe3 13. fxe3 Bf5 14. c3 Be4 15. Nd2 Bxg2 16. Kxg2 h5 17. Ne4 O-O-O 18. b3 Rdg8 19. Rf3 h4 20. Raf1 Rg6 21. h3 hxg3 22. Rxg3 Rh5 23. Rf4 f5 24. Nd2 Nf6 25. e4 fxe4 26. Rxg6 fxg6 27. Nxe4 Ra5 28. a4 g5 29. Nd6+ Kc7 30. Nc4 Rd5 31. Rf3 c5 32. Ne3 Rd8 33. dxc5 Rd2+ 34. Kf1 Rd3 35. Ke2 Rd8 36. Rf5 Ne4 37. Kf3 Nxc3 38. Rxg5 Kc6 39. Re5 Rf8+ 40. Kg3 Rg8+ 41. Kh2 e6 42. Ng4 Nd5 43. Rxe6+ Kxc5 44. Re5 Rg6 45. Ne3 Kd4 46. Rxd5+ Kxe3 47. Rd7 Rb6 48. Rg7 Kf2 49. Rg2+ Kf1 50. Rb2 Rb4 51. Kg3 a5 52. h4 b5 53. axb5 Rxb5 54. Rf2+ Ke1 55. Rf3 Ke2 56. Kg2 Rb4 57. h5 a4 58. bxa4 Rxa4 59. Kg3 Ra5 60. Rf2+ Ke3 61. Rh2 Ra3 62. h6 Ra6 63. h7 1-0

[Event "Budapest FS10 GM"]
[Site "Budapest"]
[Date "1993.??.??"]
[Round "10"]
[White "Leko, Peter"]
[Black "Anic, Darko"]
[Result "1/2-1/2"]
[WhiteElo "2555"]
[BlackElo "2440"]
[PlyCount "70"]
[EventDate "1993.10.??"]
[Source "ChessBase"]

1. e4 c6 2. Nc3 d5 3. Nf3 dxe4 4. Nxe4 Nf6 5. Nxf6+ gxf6 6. d4 Bf5 7. Bd3 Bg6 8. O-O Qc7 9. c4 Nd7 10. Be3 O-O-O 11. Be2 e6 12. Qa4 Kb8 13. b4 Nb6 14. Qb3 Rg8 15. g3 Be4 16. Nd2 Bf5 17. a4 e5 18. dxe5 fxe5 19. a5 Nc8 20. b5 c5 21. Bf3 Rd3 22. Qa2 Qd8 23. Bd5 Qf6 24. Rfe1 h5 25. Ne4 Qg6 26. Bxc5 Rxd5 27. Bxf8 Bxe4 28. cxd5 Rxf8 29. Qe2 Nd6 30. f3 Bd3 31. Qxe5 Bxb5 32. Qf4 Rd8 33. Rac1 a6 34. Rc3 Ka8 35. Kf2 Qg7 1/2-1/2

[Event "It (Men) Dos Hermanas ESP"]
[Site "?"]
[Date "2005.04.06"]
[Round "6"]
[White "Fernandez Romero Ernesto"]
[Black "Campora Daniel Hugo"]
[Result "1-0"]
[WhiteElo "2449"]
[BlackElo "2545"]
[PlyCount "61"]
[EventDate "2005.??.??"]
[Source "www.chesslib.no"]
[SourceDate "2004.05.04"]

1. e4 c6 2. Nc3 d5 3. d4 dxe4 4. Nxe4 Nf6 5. Nxf6+ gxf6 6. c3 Bf5 7. Nf3 Nd7 8. g3 Nb6 9. Bg2 Qd7 10. O-O O-O-O 11. a4 Nd5 12. Bd2 e6 13. Re1 Kb8 14. b4 Bg4 15. Qb3 Nc7 16. Bf4 Bd6 17. Bxd6 Qxd6 18. Nd2 e5 19. Ne4 Be6 20. Qb2 Qe7 21. b5 cxb5 22. Nc5 Bd5 23. axb5 Bxg2 24. Qa3 Kc8 25. Qxa7 Bd5 26. b6 Qd6 27. c4 Bc6 28. d5 Ne6 29. Nxe6 fxe6 30. dxc6 Qxc6 31. Rad1 1-0

[Event "Munich zt"]
[Site "Munich"]
[Date "1987.??.??"]
[Round "?"]
[White "Gruenfeld, Yehuda"]
[Black "Hickl, Joerg"]
[Result "0-1"]
[WhiteElo "2540"]
[BlackElo "2450"]
[PlyCount "78"]
[EventDate "1987.01.??"]
[Source "ChessBase"]

1. e4 c6 2. d4 d5 3. Nc3 dxe4 4. Nxe4 Nf6 5. Nxf6+ gxf6 6. c3 Bf5 7. Nf3 e6 8. g3 Qd5 9. Bg2 Qc4 10. Nd2 Qa6 11. Ne4 Nd7 12. g4 Bg6 13. h4 h5 14. gxh5 Bxh5 15. Bf3 Bxf3 16. Qxf3 Be7 17. Bf4 f5 18. Ng5 Nb6 19. Qe2 Qa5 20. Qe5 Qxe5+ 21. dxe5 Rd8 22. Ke2 Na4 23. Rab1 Rd5 24. Kf3 Nc5 25. Rbe1 Nd3 26. Re2 Rh5 27. Be3 Nxe5+ 28. Kg2 Ng6 29. Nf3 e5 30. Kf1 e4 31. Ne1 Rxh4 32. Rxh4 Bxh4 33. Bxa7 Nf4 34. Re3 Rd2 35. f3 Rf2+ 36. Kg1 Nh3+ 37. Kh1 Bg3 38. Rxe4+ fxe4 39. Bxf2 Bxf2 0-1

[Event "Hastings 7980"]
[Site "Hastings"]
[Date "1979.??.??"]
[Round "2"]
[White "Liberzon, Vladimir M"]
[Black "Christiansen, Larry Mark"]
[Result "1-0"]
[WhiteElo "2515"]
[BlackElo "2475"]
[PlyCount "58"]
[EventDate "1979.12.??"]
[Source "ChessBase"]

1. e4 c6 2. d4 d5 3. Nd2 dxe4 4. Nxe4 Nf6 5. Nxf6+ gxf6 6. c3 Bf5 7. Ne2 Nd7 8. Ng3 Bg6 9. h4 h5 10. Be2 Qa5 11. b4 Qb6 12. Be3 Bh6 13. Bxh6 Rxh6 14. O-O O-O-O 15. a4 Qc7 16. b5 c5 17. a5 e5 18. Bf3 f5 19. b6 axb6 20. axb6 Nxb6 21. Qc1 f4 22. dxe5 Qxe5 23. Re1 Qf6 24. Ne4 Bxe4 25. Rxe4 Rg6 26. Rxf4 Qe6 27. Qa3 Rdg8 28. Qxc5+ Kb8 29. Qa5 Nd5 1-0

[Event "Sao Paulo Mario Covas 2nd"]
[Site "Sao Paulo"]
[Date "2002.02.20"]
[Round "1"]
[White "Leitao, Rafael"]
[Black "Pelikian, Jefferson"]
[Result "1/2-1/2"]
[WhiteElo "2571"]
[BlackElo "2415"]
[PlyCount "61"]
[EventDate "2002.02.20"]
[Source "ChessBase"]
[SourceDate "2002.03.21"]

1. e4 c6 2. d4 d5 3. Nd2 dxe4 4. Nxe4 Nf6 5. Nxf6+ gxf6 6. Nf3 Bf5 7. g3 Nd7 8. Bg2 Qa5+ 9. Bd2 Qa6 10. Nh4 Bg6 11. Nxg6 hxg6 12. Qe2 Qxe2+ 13. Kxe2 e6 14. h4 f5 15. Rhd1 Bd6 16. f4 Nf6 17. c4 O-O-O 18. Bc3 Rhe8 19. Kf1 Ne4 20. Bxe4 fxe4 21. d5 cxd5 22. cxd5 e5 23. Rac1 exf4 24. Bf6+ Kd7 25. Bxd8 Rxd8 26. gxf4 Rh8 27. Rc4 f5 28. Ke2 Rxh4 29. Rg1 Rh6 30. Ke3 Rh3+ 31. Ke2 1/2-1/2

[Event "Wellington"]
[Site "Wellington"]
[Date "1988.??.??"]
[Round "?"]
[White "Rogers, Ian"]
[Black "Ker, Anthony F"]
[Result "1-0"]
[WhiteElo "2575"]
[BlackElo "2410"]
[PlyCount "85"]
[EventDate "1988.03.??"]
[Source "ChessBase"]

1. e4 c6 2. d4 d5 3. Nc3 dxe4 4. Nxe4 Nf6 5. Nxf6+ gxf6 6. Bc4 e6 7. Bf4 Bd6 8. Bg3 b6 9. Qg4 Qe7 10. Qg7 Qf8 11. Qxf6 Bxg3 12. hxg3 Nd7 13. Qf3 Qb4+ 14. Qc3 Qxc3+ 15. bxc3 Bb7 16. Nf3 Kf8 17. Bd3 Kg7 18. Rh4 c5 19. Kd2 Rac8 20. a3 Nf6 21. Ne5 Bd5 22. f3 h6 23. Rah1 Rc7 24. g4 c4 25. g5 Ng8 26. Be4 f5 27. gxf6+ Nxf6 28. R1h3 Bxe4 29. fxe4 Rf8 30. Ke3 Ng8 31. Rg3+ Kh7 32. Rhg4 b5 33. Rg6 Re7 34. Rf3 Rxf3+ 35. gxf3 Re8 36. f4 a6 37. Kf3 a5 38. Kg4 Re7 39. Kf3 Re8 40. Rg1 Re7 41. Rb1 Rb7 42. a4 b4 43. cxb4 1-0

[Event "Tunja"]
[Site "Tunja"]
[Date "1984.??.??"]
[Round "9"]
[White "Zapata, Alonso"]
[Black "Garcia Gonzales, Guillermo"]
[Result "1-0"]
[WhiteElo "2470"]
[BlackElo "2515"]
[PlyCount "37"]
[EventDate "1984.06.??"]
[Source "ChessBase"]

1. e4 c6 2. d4 d5 3. Nc3 dxe4 4. Nxe4 Nf6 5. Nxf6+ gxf6 6. Ne2 Bf5 7. Ng3 Bg6 8. h4 h5 9. Be2 e6 10. c3 c5 11. Be3 cxd4 12. Bxd4 Nc6 13. Qa4 Be7 14. Rd1 Qc7 15. Be3 a6 16. O-O b5 17. Bxb5 axb5 18. Qxa8+ Nd8 19. Qa6 1-0

[Event "St Petersburg op"]
[Site "St Petersburg"]
[Date "1995.??.??"]
[Round "9"]
[White "Dvoirys, Semen I"]
[Black "Orlov, Vassily"]
[Result "1-0"]
[WhiteElo "2550"]
[BlackElo "2435"]
[PlyCount "81"]
[EventDate "1995.05.??"]
[Source "ChessBase"]

1. e4 c6 2. d4 d5 3. Nd2 dxe4 4. Nxe4 Nf6 5. Nxf6+ gxf6 6. c3 Bf5 7. Nf3 Qc7 8. g3 Nd7 9. Bg2 O-O-O 10. O-O e5 11. Qb3 Nb6 12. Re1 Bd6 13. Bh6 Rhg8 14. dxe5 fxe5 15. Nh4 Be6 16. Qc2 Nd5 17. a3 Be7 18. Nf3 Rg6 19. Bd2 Bf6 20. Qe4 Nf4 21. Bxf4 exf4 22. Rad1 Rxd1 23. Rxd1 fxg3 24. hxg3 h5 25. Nd4 Bg4 26. Bf3 Bxf3 27. Nxf3 a6 28. Qf5+ Kb8 29. Rd7 Qc8 30. Qf4+ Ka7 31. Rxf7 Bd8 32. Ne5 Rd6 33. Qb4 Rd1+ 34. Kg2 Bc7 35. Qc5+ Kb8 36. Qe7 Bxe5 37. Rf8 Bc7 38. Rxc8+ Kxc8 39. Qe8+ Rd8 40. Qxh5 Kb8 41. Qe2 1-0

[Event "Valby K41"]
[Site "Valby"]
[Date "1991.??.??"]
[Round "9"]
[White "Smagin, Sergey"]
[Black "Nielsen, Peter Heine"]
[Result "1-0"]
[WhiteElo "2535"]
[BlackElo "2445"]
[PlyCount "47"]
[EventDate "1991.09.??"]
[Source "ChessBase"]

1. e4 c6 2. d4 d5 3. Nd2 dxe4 4. Nxe4 Nf6 5. Nxf6+ gxf6 6. c3 Bf5 7. Nf3 e6 8. g3 Qb6 9. Qe2 Bd6 10. Nh4 Bg6 11. Be3 Qc7 12. Bg2 Nd7 13. O-O O-O-O 14. c4 c5 15. Rac1 Kb8 16. Rfd1 cxd4 17. Bxd4 Be5 18. Be3 f5 19. f4 Bf6 20. Nxg6 hxg6 21. c5 Be7 22. c6 bxc6 23. Rxc6 Qa5 24. Ra6 1-0

[Event "Reykjavik"]
[Site "?"]
[Date "1980.??.??"]
[Round "1"]
[White "Arnason Jon L"]
[Black "Vasiukov Evgeni"]
[Result "1/2-1/2"]
[WhiteElo "2435"]
[BlackElo "2545"]
[PlyCount "143"]
[EventDate "1980.??.??"]
[Source "www.chesslib.no"]
[SourceDate "2004.05.04"]

1. e4 c6 2. d4 d5 3. Nd2 dxe4 4. Nxe4 Nf6 5. Nxf6+ gxf6 6. Bc4 Bf5 7. Ne2 e6 8. O-O Nd7 9. Re1 Qc7 10. Ng3 Bg6 11. Qf3 O-O-O 12. c3 h5 13. Bf4 Bd6 14. Bxd6 Qxd6 15. Ne4 Bxe4 16. Rxe4 f5 17. Ree1 h4 18. h3 Rdg8 19. a4 Rg6 20. Bf1 Rhg8 21. b4 Qd5 22. Re3 Nb6 23. Kh1 a6 24. a5 Nd7 25. Qxd5 cxd5 26. b5 Kc7 27. bxa6 bxa6 28. c4 dxc4 29. Rc3 Kd6 30. Rxc4 Rd8 31. Rb4 Rb8 32. Rab1 Rgg8 33. Rb7 Rgd8 34. Be2 f6 35. Bxa6 Ra8 36. Bb5 Rxa5 37. Bxd7 Rxd7 38. R1b6+ Ke7 39. Rxd7+ Kxd7 40. Rb7+ Kd6 41. Rh7 Ra2 42. Kg1 Ra1+ 43. Kh2 Ra2 44. Kg1 Ra1+ 45. Kh2 Ra2 46. f3 e5 47. Rxh4 Kd5 48. dxe5 fxe5 49. Rh5 Ke6 50. Rh6+ Kf7 51. h4 Ra4 52. Kh3 e4 53. Rh5 Ke6 54. fxe4 Rxe4 55. Rg5 Kf6 56. Rg8 Re3+ 57. Rg3 Re1 58. Kh2 Re4 59. Kh3 Re1 60. Rg8 Kf7 61. Rg5 Kf6 62. Kg3 Re3+ 63. Kf2 Re4 64. g3 Re8 65. Kf3 Ra8 66. Rh5 Kg6 67. Rg5+ Kf6 68. Rh5 Kg6 69. Rg5+ Kf6 70. Ke3 Re8+ 71. Kf4 Re4+ 72. Kf3 1/2-1/2

[Event "CRO-ch 6th"]
[Site "Pula"]
[Date "1998.01.17"]
[Round "8"]
[White "Palac, Mladen"]
[Black "Nikolac, Juraj"]
[Result "0-1"]
[WhiteElo "2545"]
[BlackElo "2435"]
[PlyCount "150"]
[EventDate "1998.01.09"]
[Source "ChessBase"]
[SourceDate "1998.06.15"]

1. e4 c6 2. d4 d5 3. Nc3 dxe4 4. Nxe4 Nf6 5. Nxf6+ gxf6 6. Bc4 Bf5 7. Ne2 e6 8. c3 Nd7 9. Ng3 Bg6 10. h4 h5 11. Be2 Qa5 12. Bf4 e5 13. dxe5 O-O-O 14. exf6 Nc5 15. Qc1 Nd3+ 16. Bxd3 Bxd3 17. b4 Qb6 18. Qe3 Bxb4 19. Qxb6 Bxc3+ 20. Bd2 Bxd2+ 21. Kxd2 axb6 22. Kc3 Rd5 23. Rad1 Rhd8 24. Rd2 Rc5+ 25. Kb2 Rb5+ 26. Kc3 Rc5+ 27. Kb2 Bg6 28. Rxd8+ Kxd8 29. Rd1+ Kc7 30. Rd2 Rc4 31. Re2 b5 32. Re7+ Kb6 33. Ne2 Rxh4 34. f3 Rc4 35. Nc3 Rf4 36. Re5 Rxf6 37. Ne2 Rd6 38. Nf4 Rd2+ 39. Kb3 Bb1 40. a3 h4 41. Rh5 c5 42. Rxh4 Rc2 43. Rh1 c4+ 44. Kb4 Rb2+ 45. Kc3 Rb3+ 46. Kd4 Bg6 47. Rh8 Rxa3 48. Nd5+ Kc6 49. Rc8+ Kd6 50. Rd8+ Ke6 51. Kc5 c3 52. Re8+ Kf5 53. Ne3+ Kf4 54. Kb4 c2 55. Nxc2 Ra4+ 56. Kb3 Bxc2+ 57. Kxc2 Ra2+ 58. Kd3 Rxg2 59. Re7 f5 60. Rxb7 Kxf3 61. Rxb5 f4 62. Rf5 Rg8 63. Kd2 Re8 64. Rf7 Kg3 65. Kd3 f3 66. Rf6 f2 67. Rg6+ Kf3 68. Rf6+ Kg2 69. Rg6+ Kf1 70. Kd2 Rd8+ 71. Kc2 Rd5 72. Rg8 Ke2 73. Re8+ Kf3 74. Rf8+ Ke3 75. Rf7 Rd2+ 0-1

[Event "Europa ch 2008"]
[Site "Plovdiv BUL"]
[Date "2008.04.26"]
[Round "6.106"]
[White "Svetushkin, Dmitry"]
[Black "Dimitrov, Radoslav"]
[Result "1/2-1/2"]
[WhiteElo "2568"]
[BlackElo "2409"]
[PlyCount "124"]
[EventDate "2008.04.21"]
[Source "www.chesslib.no"]
[SourceDate "2004.05.04"]

1. e4 c6 2. d4 d5 3. Nc3 dxe4 4. Nxe4 Nf6 5. Nxf6+ gxf6 6. c3 Bf5 7. Nf3 Qd7 8. g3 Na6 9. Bg2 O-O-O 10. O-O h5 11. b4 Bh3 12. a4 Bxg2 13. Kxg2 e5 14. Be3 e4 15. Nd2 h4 16. Qe2 f5 17. Nc4 Nc7 18. b5 Nd5 19. Ne5 Qc7 20. c4 Nxe3+ 21. fxe3 hxg3 22. hxg3 f6 23. Ng6 Rg8 24. Qf2 Kb8 25. Nxf8 Rdxf8 26. bxc6 Rg4 27. Rfb1 b6 28. a5 Rfg8 29. axb6 Rxg3+ 30. Kf1 axb6 31. c5 Rg1+ 32. Ke2 Qxc6 33. Qh2+ Kc8 34. Rxb6 R8g2+ 35. Qxg2 Rxg2+ 36. Kf1 Qxb6 37. cxb6 Rb2 38. Rc1+ Kb7 39. Rc5 Rxb6 40. Rxf5 Kc7 41. Kf2 Rb3 42. Rxf6 Rb2+ 43. Kg3 Re2 44. Kf4 Rf2+ 45. Ke5 Rf3 46. Ke6 Rxe3 47. Rf7+ Kc8 48. Kd6 Rd3 49. d5 e3 50. Rf8+ Kb7 51. Re8 Rc3 52. Re4 Rd3 53. Ke6 Kc7 54. Re5 Kb6 55. Kd6 Kb5 56. Re4 Rc3 57. Ke5 Rd3 58. Kd6 Rc3 59. Ke7 Rd3 60. d6 Kc6 61. Re6 Kc5 62. d7 Rxd7+ 1/2-1/2

[Event "ESP-chT1"]
[Site "Mondariz Balneario"]
[Date "2002.09.13"]
[Round "5.1"]
[White "Conquest, Stuart"]
[Black "Gil Capape, Javier"]
[Result "1/2-1/2"]
[WhiteElo "2542"]
[BlackElo "2434"]
[PlyCount "115"]
[EventDate "2002.09.04"]
[Source "ChessBase"]
[SourceDate "2002.11.06"]

1. e4 c6 2. d4 d5 3. Nd2 dxe4 4. Nxe4 Nf6 5. Nxf6+ gxf6 6. Nf3 Bg4 7. Be2 Qc7 8. Be3 Nd7 9. Nd2 Bf5 10. c4 e6 11. O-O Bg7 12. c5 O-O 13. a4 Rfd8 14. Qc1 b6 15. b4 bxc5 16. bxc5 Nf8 17. Nc4 Be4 18. Nd6 f5 19. Rd1 Ng6 20. Bh6 Bd5 21. Bxg7 Kxg7 22. Ra3 Qe7 23. Rh3 f4 24. Rh5 Rab8 25. Bc4 Rxd6 26. cxd6 Qxd6 27. Bxd5 cxd5 28. Rh3 Rb4 29. Qa3 Qb6 30. Rhd3 a5 31. h3 Qc6 32. Ra1 Qc2 33. Rdd1 Nh4 34. Qd3 Qc6 35. Qe2 Ng6 36. h4 Nxh4 37. Qe5+ f6 38. Qxf4 Ng6 39. Qe3 e5 40. dxe5 fxe5 41. Qa7+ Rb7 42. Qxa5 d4 43. Qe1 Kf6 44. Ra3 Nf4 45. Rf3 Qxa4 46. Ra1 Qc6 47. Ra5 Rb5 48. Kh2 Rxa5 49. Qxa5 Kf5 50. Qa2 d3 51. Qf7+ Ke4 52. Qxh7+ Kd4 53. Qa7+ Kc3 54. Qa1+ Kc2 55. Qa2+ Kc1 56. Qa1+ Kc2 57. Qa2+ Kc1 58. Qa1+ 1/2-1/2

[Event "RUS-Cup"]
[Site "Minsk"]
[Date "2000.??.??"]
[Round "4"]
[White "Azarov, Sergei"]
[Black "Voitsekhovsky, Stanislav"]
[Result "1-0"]
[WhiteElo "2429"]
[BlackElo "2546"]
[PlyCount "56"]
[EventDate "2000.??.??"]
[Source "www.chesslib.no"]
[SourceDate "2004.05.04"]

1. e4 c6 2. Nc3 d5 3. Nf3 dxe4 4. Nxe4 Nf6 5. Nxf6+ gxf6 6. d4 Bg4 7. Be2 Qc7 8. Nh4 Bxe2 9. Qxe2 Nd7 10. O-O e6 11. c4 O-O-O 12. Be3 Rg8 13. Rfd1 f5 14. d5 c5 15. Nf3 Bg7 16. Ng5 Rde8 17. dxe6 fxe6 18. Nf7 Bf8 19. Bh6 Qc6 20. g3 Bxh6 21. Nd6+ Kd8 22. Nf7+ Kc7 23. Nxh6 Rgf8 24. Rd3 e5 25. Rad1 Nb8 26. Rd6 Qa4 27. b3 Qa5 28. Qb2 Nc6 1-0

[Event "St Petersburg op"]
[Site "St Petersburg"]
[Date "1994.??.??"]
[Round "7"]
[White "Pugachov, Alexey"]
[Black "Vasiukov, Evgeni"]
[Result "0-1"]
[WhiteElo "2470"]
[BlackElo "2505"]
[PlyCount "92"]
[EventDate "1994.02.??"]
[Source "ChessBase"]

1. e4 c6 2. d4 d5 3. Nd2 dxe4 4. Nxe4 Nf6 5. Nxf6+ gxf6 6. c3 Bf5 7. Nf3 e6 8. g3 Qd5 9. Bg2 Qe4+ 10. Be3 Qc2 11. Nh4 Qxd1+ 12. Rxd1 Bg4 13. f3 Bh5 14. g4 Bg6 15. f4 Nd7 16. f5 exf5 17. gxf5 Bh5 18. Rd2 Nb6 19. Bf4 O-O-O 20. Kf2 Nc4 21. Rc2 Bd6 22. Bxd6 Nxd6 23. h3 Rhg8 24. Ke3 Rg5 25. Kf4 Rdg8 26. Rh2 Bd1 27. Rd2 Rh5 28. Rxd1 Rxh4+ 29. Ke3 Nxf5+ 30. Kd2 Rf4 31. Bf1 c5 32. Bd3 cxd4 33. Bxf5+ Rxf5 34. cxd4 Rg3 35. Re1 Rf4 36. Rc1+ Kd7 37. Rc4 h5 38. Ra4 a6 39. Rb4 Kc7 40. Re2 b5 41. a3 Rxh3 42. Kc2 h4 43. Re8 Rg3 44. Ra8 h3 45. Kb1 Rf2 46. d5 h2 0-1

[Event "Biel (open)"]
[Site "?"]
[Date "1994.??.??"]
[Round "?"]
[White "Timoshchenko, G."]
[Black "Anic, D."]
[Result "1-0"]
[WhiteElo "2515"]
[BlackElo "2455"]
[PlyCount "120"]
[EventDate "1994.??.??"]
[Source "ChessBase"]
[SourceDate "1994.06.01"]

1. e4 c6 2. d4 d5 3. Nc3 dxe4 4. Nxe4 Nf6 5. Nxf6+ gxf6 6. c3 Bf5 7. Nf3 Nd7 8. g3 Qb6 9. Qe2 O-O-O 10. Bg2 Qb5 11. c4 Qb4+ 12. Bd2 Qxb2 13. O-O Qa3 14. Rfc1 e5 15. d5 cxd5 16. cxd5+ Kb8 17. Nh4 Bd3 18. Qf3 Bg6 19. Be3 Bd6 20. Nf5 Rc8 21. Bh3 Bc5 22. Re1 Nb6 23. Nh4 Bxe3 24. Bxc8 Bxf2+ 25. Qxf2 Rxc8 26. Qxf6 Qc5+ 27. Qf2 Qxd5 28. Rad1 Qe6 29. Rc1 Nc4 30. Rc3 Rd8 31. Qc5 Rc8 32. Qf2 Rd8 33. Rf3 Nd2 34. Rf6 Qd5 35. Nxg6 Ne4 36. Ne7 Qd3 37. Qf1 Nxf6 38. Qxf6 Qd4+ 39. Qf2 Qb4 40. Nf5 Rd2 41. Qe3 f6 42. Qb3 Qc5+ 43. Ne3 a6 44. Qb1 Ka7 45. a4 Qc3 46. Qc1 Qd4 47. Qc4 Qb6 48. Re2 Rd4 49. Qc2 h5 50. h4 Qa5 51. Qf5 Qxa4 52. Qxf6 Qb5 53. Qf2 b6 54. Qf3 a5 55. Rc2 Rd7 56. Qxh5 a4 57. Qf3 Qb3 58. Rc8 Rb7 59. Kh2 b5 60. Qf2 Rf7 1-0

[Event "Brighton"]
[Site "Brighton"]
[Date "1981.??.??"]
[Round "3"]
[White "Arnason, Jon L"]
[Black "Chandler, Murray G"]
[Result "1/2-1/2"]
[WhiteElo "2440"]
[BlackElo "2530"]
[PlyCount "71"]
[EventDate "1981.12.??"]
[Source "ChessBase"]

1. e4 c6 2. d4 d5 3. Nd2 dxe4 4. Nxe4 Nf6 5. Nxf6+ gxf6 6. c3 Bf5 7. Nf3 Nd7 8. g3 Qa5 9. Qe2 O-O-O 10. Bg2 Bg7 11. O-O Rhe8 12. Nh4 Bg6 13. a4 e5 14. Nxg6 hxg6 15. Qc4 Re6 16. b4 Qc7 17. a5 f5 18. d5 cxd5 19. Qxc7+ Kxc7 20. Bxd5 Re7 21. Be3 Nf6 22. Bc4 Kb8 23. Bc5 Red7 24. Bb5 Rd2 25. a6 b6 26. Be3 R2d6 27. Bg5 Rc8 28. Rfd1 Rxd1+ 29. Rxd1 Rxc3 30. h4 Rc8 31. Kg2 Ne4 32. Rd7 Rc7 33. Rd8+ Rc8 34. Rd7 Rc7 35. Rd8+ Rc8 36. Rd7 1/2-1/2

[Event "Deutschland"]
[Site "?"]
[Date "2005.02.13"]
[Round "7.3"]
[White "Dgebuadze Alexandre"]
[Black "Grabarczyk Bogdan"]
[Result "1-0"]
[WhiteElo "2550"]
[BlackElo "2416"]
[PlyCount "53"]
[EventDate "2005.??.??"]
[Source "www.chesslib.no"]
[SourceDate "2004.05.04"]

1. e4 c6 2. d4 d5 3. Nc3 dxe4 4. Nxe4 Nf6 5. Nxf6+ gxf6 6. Nf3 Bg4 7. Be2 Qc7 8. Be3 Nd7 9. Qd2 e6 10. h3 Bh5 11. c4 O-O-O 12. O-O c5 13. Rfd1 Bxf3 14. Bxf3 Ne5 15. Qe2 cxd4 16. Bxd4 Bc5 17. Bc3 Rhg8 18. Be4 h6 19. b4 Be7 20. c5 Rxd1+ 21. Rxd1 Ng6 22. c6 Nf4 23. cxb7+ Kb8 24. Qe3 e5 25. Kh1 Qc4 26. Bd4 Qxa2 27. Bxa7+ 1-0

[Event "Xanthi"]
[Site "Xanthi"]
[Date "1991.??.??"]
[Round "?"]
[White "Bologan, Viktor"]
[Black "Skembris, Spyridon"]
[Result "1/2-1/2"]
[WhiteElo "2510"]
[BlackElo "2455"]
[PlyCount "22"]
[EventDate "1991.??.??"]
[Source "www.chesslib.no"]
[SourceDate "2004.05.04"]

1. e4 c6 2. d4 d5 3. Nd2 dxe4 4. Nxe4 Nf6 5. Nxf6+ gxf6 6. c3 Bf5 7. Bd3 Bxd3 8. Qxd3 e6 9. Nf3 Qc7 10. Bd2 Nd7 11. O-O-O O-O-O 1/2-1/2

[Event "Mind Sports Games - Rapid Team"]
[Site "Pechino CINA"]
[Date "2008.10.15"]
[Round "6"]
[White "Kristjansson, St"]
[Black "Bagheri, A."]
[Result "1/2-1/2"]
[WhiteElo "2474"]
[BlackElo "2490"]
[PlyCount "38"]
[EventDate "2008.10.14"]
[Source "www.chesslib.no"]
[SourceDate "2004.05.04"]

1. e4 c6 2. d4 d5 3. Nc3 dxe4 4. Nxe4 Nf6 5. Nxf6+ gxf6 6. c3 Bf5 7. Ne2 e6 8. Ng3 Bg6 9. h4 h6 10. Bd3 Bxd3 11. Qxd3 Qd5 12. O-O Nd7 13. c4 Ne5 14. Qb3 Nxc4 15. Qxb7 Nb6 16. Be3 c5 17. Qxd5 Nxd5 18. Ne4 cxd4 19. Bxd4 Be7 1/2-1/2